| 000 | 01012nam a2200229 a 4500 | ||
|---|---|---|---|
| 001 | 000041563 | ||
| 005 | 20201002035636.0 | ||
| 008 | 131011s1993 sp 001 0 spa d | ||
| 020 | _a840007372X | ||
| 040 |
_aDO-SdBNP _bspa _cBNPHU |
||
| 082 |
_axxxxx _bxxxxx |
||
| 100 | 1 |
_aAl-Turtûshî, Muhammad ibn al-Walid, _d1059 ó 60-1126 ó 7 _968310 |
|
| 245 | 1 | 0 |
_aKitâb al-hawâdit wa-l-bida'= El libro de las novedades y las innovaciones / _cAbu Bakr al-Turtusi ; traducción y estudio, Maribel Fierro. |
| 246 | 1 | 0 | _aEl libro de las novedades y las innovaciones. |
| 260 |
_aMadrid : _bConsejo Superior de Investigaciones Científicas, _bInstituto de Cooperación con el Mundo Árabe, _c1993. |
||
| 300 |
_a467 p. ; _c24 cm. |
||
| 490 | 1 |
_aFuentes arábico-hispanas _v14 |
|
| 500 | _aIncluye referencias bibliográficas y notas al pie de las páginas | ||
| 504 | _aFuentes documentales y bibliográficas: p. 445-467 | ||
| 700 | 1 | 2 |
_aFierro, Maribel _etr. _968311 |
| 830 | 0 |
_aFuentes arábico-hispanas ; _n14 _968312 |
|
| 999 |
_c41053 _d41053 |
||